Detalles MARC
| 000 -LEADER |
| fixed length control field |
01920nam a22002897a 4500 |
| 003 - CONTROL NUMBER IDENTIFIER |
| control field |
DO-SdBNP |
| 005 - DATE AND TIME OF LATEST TRANSACTION |
| control field |
20230306091823.0 |
| 007 - PHYSICAL DESCRIPTION FIXED FIELD--GENERAL INFORMATION |
| fixed length control field |
ta |
| 008 - FIXED-LENGTH DATA ELEMENTS--GENERAL INFORMATION |
| fixed length control field |
201203b 2001 dr 00| 0 spa d |
| 020 ## - INTERNATIONAL STANDARD BOOK NUMBER |
| International Standard Book Number |
9993420085 |
| 040 ## - CATALOGING SOURCE |
| Original cataloging agency |
DO-SdBNP |
| Language of cataloging |
spa |
| Transcribing agency |
BPMSU |
| 082 #4 - DEWEY DECIMAL CLASSIFICATION NUMBER |
| Classification number |
RD863.08 |
| Item number |
C744o 2001 |
| Edition number |
22 |
| 111 2# - MAIN ENTRY--MEETING NAME |
| Meeting name or jurisdiction name as entry element |
Concurso Literarario ¨por Nuestro País Primero¨ |
| Date of meeting |
(2001: |
| Location of meeting |
Puerto Plata, República Dominicana) |
| 245 10 - TITLE STATEMENT |
| Title |
Otros cuentos puertoplateños : |
| Remainder of title |
(antología) / |
| Statement of responsibility, etc. |
presentación Lilian Russo de Cueto ; prólogo Diógenes Valdez. |
| 260 ## - PUBLICATION, DISTRIBUTION, ETC. (IMPRINT) |
| Place of publication, distribution, etc. |
Santo Domingo : |
| Name of publisher, distributor, etc. |
Ediciones Renovación, |
| Date of publication, distribution, etc. |
2001 |
| 300 ## - PHYSICAL DESCRIPTION |
| Extent |
125 p. ; |
| Dimensions |
22 cm. |
| 490 0# - SERIES STATEMENT |
| Series statement |
"Por nuestro país primero." |
| 505 0# - FORMATTED CONTENTS NOTE |
| Title |
El compromiso de la firma Brugal & Co C. por A. / |
| Statement of responsibility |
Osvaldo Brugal Limardo -- |
| Miscellaneous information |
Presentación / |
| Statement of responsibility |
Lilian Russo de Cueto -- |
| Title |
Prólogo / |
| Statement of responsibility |
Diógenes Valdez -- |
| Title |
El sueño del General / |
| Statement of responsibility |
Franklin Álvarez -- |
| Title |
La venganza de Margarita Moreno/ |
| Statement of responsibility |
Franklin Álvarez -- |
| Title |
Una noche cualquiera de un sábado de diciembre / |
| Statement of responsibility |
Franklin Álvarez -- |
| Title |
Encuentro / |
| Statement of responsibility |
Wady Musa -- |
| Title |
"Tómelo usted" / |
| Statement of responsibility |
Nelson Mercedes Sandoval -- |
| Title |
Última visión de la tía Antonia / |
| Statement of responsibility |
Silvio O. Jerez -- |
| Title |
El héroe ausente / |
| Statement of responsibility |
Aglae Echavarría -- |
| Title |
Brevedad / |
| Statement of responsibility |
Johana Goede -- |
| Title |
La estrategia del General / |
| Statement of responsibility |
Luis Lorenzo Marmolejos -- |
| Title |
El abuelo / |
| Statement of responsibility |
Andrés Ulloa -- |
| Title |
Las doce menos cuarto / |
| Statement of responsibility |
Luis Lorenzo Marmolejos -- |
| Title |
La mejor / |
| Statement of responsibility |
Dennis Alexander Ripoll Cid -- |
| Title |
La dignidad / |
| Statement of responsibility |
Ramón Peña -- |
| Title |
Celos / |
| Statement of responsibility |
Aglae Echavarría -- |
| Title |
Un amargo recuerdo / |
| Statement of responsibility |
Aglae Echavarría -- |
| Title |
Pasión inútil / |
| Statement of responsibility |
Dennis Alexander Ripol Cid. |
| 590 ## - LOCAL NOTE (RLIN) |
| Local note |
Inventariado, 2021/VM |
| 650 14 - SUBJECT ADDED ENTRY--TOPICAL TERM |
| Topical term or geographic name as entry element |
Cuentos dominicanos |
| Form subdivision |
Colecciones |
| 650 #4 - SUBJECT ADDED ENTRY--TOPICAL TERM |
| Topical term or geographic name as entry element |
Certámenes literarios |
| 650 #4 - SUBJECT ADDED ENTRY--TOPICAL TERM |
| Topical term or geographic name as entry element |
Literatura dominicana |
| 700 1# - ADDED ENTRY--PERSONAL NAME |
| Personal name |
Valdez, Diógenes, |
| Dates associated with a name |
1941-, |
| Relator term |
prólogo |
| 710 2# - ADDED ENTRY--CORPORATE NAME |
| Corporate name or jurisdiction name as entry element |
Sociedad Cultural Renovación, (Puerto Plata, República Dominicana) |
| 910 ## - USER-OPTION DATA (OCLC) |
| User-option data |
VMateo V. Control de calidad (BPMSU) |
| 942 ## - ADDED ENTRY ELEMENTS (KOHA) |
| Source of classification or shelving scheme |
Dewey Decimal Classification |
| Koha item type |
Libros |